| 000 | 00978cam a22002534a 4500 | ||
|---|---|---|---|
| 001 | 13725532 | ||
| 005 | 20180226075106.0 | ||
| 008 | 040921s2004 nyu b 001 0 eng | ||
| 010 | _a 2004022121 | ||
| 020 | _a0465083900 (hardcover : alk. paper) | ||
| 020 | _a9780465083916 (pbk.) | ||
| 040 |
_aDLC _cDLC _dDLC |
||
| 041 | _aeng | ||
| 042 | _apcc | ||
| 080 | _a618.92/398 LIS | ||
| 082 | 0 | 0 |
_a618.92/398 LIS _222 |
| 100 | 1 | _a50 | |
| 101 | _aPSI | ||
| 245 | 1 | 0 |
_aGeneration extra large : _cLisa Tartamella, Elaine Herscher, Chris Woolston. |
| 504 | _aIncludes bibliographical references (p. 201-242) and index. | ||
| 906 |
_a7 _bcbc _corignew _d1 _eecip _f20 _gy-gencatlg |
||
| 942 |
_2ddc _cBK |
||
| 999 |
_c43460 _d43460 |
||